[Event "Titled Tue 27th May Late"]
[Site "chess.com INT"]
[Date "2025.05.27"]
[Round "1"]
[White "Plat, Vojtech"]
[Black "Bauml, Broderick Kenneth"]
[Result "1-0"]
[WhiteTitle "GM"]
[WhiteElo "2482"]
[BlackElo "2089"]
[WhiteFideId "325740"]
[BlackFideId "30972477"]
[EventDate "2025.05.27"]

1. e4 e6 2. d4 d5 3. Nd2 Nc6 4. Ngf3 dxe4 5. Nxe4 Nf6 6. Nxf6+ gxf6 7. Bd3 Bd6
8. c3 b6 9. Qe2 Bb7 10. d5 Ne5 11. Nxe5 Bxe5 12. Bb5+ Ke7 13. dxe6 Qd5 14. f3
fxe6 15. Bc4 Qd6 16. Bd2 Rad8 17. O-O-O Qc6 18. Kb1 a6 19. Rhe1 b5 20. Bb3 Bc8
21. f4 Rxd2 22. Qxd2 Bd6 23. Bd5 Qe8 24. f5 e5 25. g4 h5 26. g5 Qf8 27. Be4 Rg8
28. g6 Qg7 29. Ka1 Rh8 30. Qd5 h4 31. Qc6 h3 32. Rd2 Rh4 33. Rxd6 1-0

[Event "Titled Tue 27th May Late"]
[Site "chess.com INT"]
[Date "2025.05.27"]
[Round "1"]
[White "Petrenko, Maryna"]
[Black "Eminov, Orkhan"]
[Result "0-1"]
[WhiteTitle "WFM"]
[BlackTitle "FM"]
[WhiteElo "2116"]
[BlackElo "2239"]
[WhiteFideId "14197820"]
[BlackFideId "13402153"]
[EventDate "2025.05.27"]

1. d4 Nf6 2. c4 g6 3. Nf3 Bg7 4. g3 d6 5. Bg2 O-O 6. O-O Nc6 7. Nc3 Bf5 8. d5
Na5 9. Nd2 c5 10. e4 Bd7 11. Qc2 a6 12. a3 e6 13. b4 cxb4 14. axb4 Nxc4 15. Nxc4
Qc7 16. dxe6 Qxc4 17. exd7 Nxd7 18. Bb2 Rac8 19. Rfc1 Qxb4 20. Qd2 Nc5 21. Ba3
Nb3 22. Bxb4 Nxd2 23. Rc2 Rc4 24. Bxd6 Rfc8 25. e5 Nb3 26. Rb1 Rxc3 27. Rxc3
Rxc3 28. Bxb7 a5 29. Bd5 a4 30. Bb4 Rd3 31. Bc6 Bxe5 32. Bxa4 Nd4 33. Bc5 Kg7
34. Bxd4 Bxd4 35. Bb5 Rd2 36. Rf1 h5 37. Bc6 Rc2 38. h4 Rxc6 0-1

[Event "Titled Tue 27th May Late"]
[Site "chess.com INT"]
[Date "2025.05.27"]
[Round "1"]
[White "Fomevor, Cephas Clinton"]
[Black "Spitzl, Vinzent"]
[Result "0-1"]
[WhiteTitle "CM"]
[BlackTitle "FM"]
[WhiteElo "1883"]
[BlackElo "2355"]
[WhiteFideId "12601330"]
[BlackFideId "12901253"]
[EventDate "2025.05.27"]

1. d4 Nf6 2. c4 c5 3. Nf3 cxd4 4. Nxd4 Nc6 5. Nc3 e6 6. a3 Bc5 7. e3 O-O 8. Be2
b6 9. O-O Bb7 10. Bf3 Rc8 11. b4 Be7 12. Bb2 Qc7 13. Rc1 Ne5 14. Bxb7 Qxb7 15.
Ndb5 Nxc4 16. Na4 a6 17. Bxf6 gxf6 18. Nd4 b5 19. Nc5 Bxc5 20. bxc5 Rxc5 21. a4
Rg5 22. g3 Rc8 23. axb5 axb5 24. Rb1 b4 25. Rb3 Na5 26. Rb2 Nc4 27. Rb3 Ra5 28.
Qg4+ Kh8 0-1

[Event "Titled Tue 27th May Late"]
[Site "chess.com INT"]
[Date "2025.05.27"]
[Round "1"]
[White "Haussernot, Cecile"]
[Black "May Sanchez, Andres Elias"]
[Result "0-1"]
[WhiteTitle "WIM"]
[BlackTitle "CM"]
[WhiteElo "2108"]
[BlackElo "2209"]
[WhiteFideId "601632"]
[BlackFideId "5150973"]
[EventDate "2025.05.27"]

1. e4 e5 2. Nf3 Nc6 3. Bb5 Nge7 4. d4 exd4 5. Nxd4 Nxd4 6. Qxd4 Nc6 7. Qe3 Be7
8. Nc3 a6 9. Ba4 O-O 10. Qg3 Re8 11. Nd5 d6 12. O-O Bh4 13. Qd3 b5 14. Bb3 Ne5
15. Qc3 c5 16. f4 Nc6 17. a4 c4 18. axb5 cxb3 19. bxc6 Rxe4 20. c7 Qe8 21. Nb6
Ra7 22. cxb3 Bf6 23. Qa5 Rxc7 24. Nd5 Bd4+ 25. Be3 Rc5 26. Bxd4 Rxa5 27. Rxa5
Rxd4 28. Rc1 Rxd5 29. Rxc8 Rd1+ 30. Kf2 Qxc8 0-1

[Event "Titled Tue 27th May Late"]
[Site "chess.com INT"]
[Date "2025.05.27"]
[Round "1"]
[White "Wang, Daniel"]
[Black "Avila Bautista, Roberto Al"]
[Result "0-1"]
[WhiteTitle "CM"]
[BlackTitle "FM"]
[WhiteElo "2030"]
[BlackElo "2306"]
[WhiteFideId "3238873"]
[BlackFideId "5119987"]
[EventDate "2025.05.27"]

1. e4 c5 2. Nf3 g6 3. c3 Bg7 4. d4 cxd4 5. cxd4 d6 6. Nc3 Bg4 7. Bb5+ Nd7 8. Be3
a6 9. Bc4 Ngf6 10. h3 Bxf3 11. Qxf3 O-O 12. O-O b5 13. Bb3 Nb6 14. Rad1 Nc4 15.
Bc1 Nd7 16. Qe2 Rc8 17. a4 Qa5 18. axb5 axb5 19. Nd5 Rfe8 20. Ne3 Ndb6 21. Nxc4
Nxc4 22. Bxc4 Rxc4 23. Bd2 Qb6 24. d5 Bxb2 25. Rb1 Bd4 26. Rfc1 Qc5 27. Rxc4
bxc4 28. Rc1 c3 29. Be3 Bxe3 30. fxe3 Rc8 31. Qd3 c2 32. Kf2 Qc4 33. Ke2 Qa4 34.
Kd2 Qb4+ 35. Ke2 Rc3 36. Qd2 Qc4+ 37. Ke1 Qb4 38. Ke2 h5 39. Ke1 Rxe3+ 40. Kf2
Qxd2+ 41. Kg1 0-1

[Event "Titled Tue 27th May Late"]
[Site "chess.com INT"]
[Date "2025.05.27"]
[Round "1"]
[White "Sethuraman, Roshan"]
[Black "Gharibyan, Mamikon"]
[Result "0-1"]
[BlackTitle "GM"]
[WhiteElo "2074"]
[BlackElo "2472"]
[WhiteFideId "30965250"]
[BlackFideId "13308300"]
[EventDate "2025.05.27"]

1. e4 e5 2. Nf3 Nc6 3. Bb5 a6 4. Ba4 Nf6 5. O-O Bc5 6. c3 O-O 7. Re1 b5 8. Bc2
d5 9. d4 dxe4 10. dxc5 Qxd1 11. Bxd1 exf3 12. Bxf3 e4 13. Be2 Bf5 14. Be3 Nd5
15. Nd2 Ne5 16. Bd4 Rfe8 17. c4 Nb4 18. cxb5 Nc2 19. Bc3 Nxe1 20. Rxe1 Nd3 21.
Bxd3 exd3 22. Rxe8+ Rxe8 23. Kf1 axb5 24. a3 c6 25. Nf3 Be4 26. Nd4 Bd5 27. f3
f6 28. Kf2 Kf7 29. Nf5 Re2+ 30. Kf1 Bc4 31. Nd6+ Ke6 0-1

[Event "Titled Tue 27th May Late"]
[Site "chess.com INT"]
[Date "2025.05.27"]
[Round "1"]
[White "Alvarado, Carlos"]
[Black "Akobian, Varuzhan"]
[Result "0-1"]
[WhiteTitle "CM"]
[BlackTitle "GM"]
[WhiteElo "2032"]
[BlackElo "2564"]
[WhiteFideId "3800555"]
[BlackFideId "13300580"]
[EventDate "2025.05.27"]

1. Nf3 d5 2. b3 c5 3. Bb2 Nc6 4. e3 a6 5. Be2 Bg4 6. O-O Nf6 7. h3 Bh5 8. Bxf6
gxf6 9. d3 f5 10. Nfd2 Bxe2 11. Qxe2 Bg7 12. c3 e6 13. d4 Rg8 14. Kh1 Qh4 15.
Nf3 Qh5 16. Re1 cxd4 17. exd4 Kf8 18. Nbd2 Bh6 19. Rad1 Rd8 20. Ne5 Qxe2 21.
Rxe2 Nxe5 22. Rxe5 Bxd2 23. Rxd2 Rc8 24. Rd3 Ke7 25. Rde3 Kd6 26. g3 b5 27. Kg2
h5 28. h4 a5 29. Kf1 b4 30. c4 dxc4 31. bxc4 Rxc4 32. d5 Re4 33. R5xe4 fxe4 34.
dxe6 f5 35. a3 bxa3 36. Rxa3 Ra8 37. Ke2 a4 38. Ke3 Kxe6 39. Kf4 Kf6 40. f3 exf3
41. Kxf3 Ke5 42. Ke3 Ra5 43. Kf3 Kd4 44. Kf4 Kc4 45. Kg5 Kb4 46. Ra1 Ra8 47.
Kxh5 Rg8 48. Rb1+ Kc3 49. Ra1 Kb3 50. Rb1+ Ka2 51. Rb5 Rxg3 52. Rxf5 a3 53. Kh6
Kb2 54. Rg5 Rxg5 55. hxg5 a2 56. g6 a1=Q 57. g7 Qa2 58. Kh7 Qf7 59. Kh8 Qh5+ 60.
Kg8 Kc3 61. Kf8 Qf5+ 0-1

[Event "Titled Tue 27th May Late"]
[Site "chess.com INT"]
[Date "2025.05.27"]
[Round "1"]
[White "Albertini, Luca"]
[Black "Barseghyan, Armen Ar."]
[Result "0-1"]
[BlackTitle "IM"]
[WhiteElo "2139"]
[BlackElo "2348"]
[WhiteFideId "847038"]
[BlackFideId "13306707"]
[EventDate "2025.05.27"]

1. d4 Nf6 2. c4 e6 3. Nc3 d5 4. Bg5 Be7 5. Nf3 O-O 6. e3 b6 7. cxd5 Nxd5 8. Nxd5
Bxg5 9. Nxc7 Qxc7 10. Nxg5 Bb7 11. Nf3 Nc6 12. Rc1 Qd6 13. a3 Rac8 14. Bd3 Rfd8
15. O-O e5 16. dxe5 Qxd3 17. Qxd3 Rxd3 18. Rfd1 Rxd1+ 19. Rxd1 Rd8 20. Rxd8+
Nxd8 21. Nd4 Nc6 22. Nb5 Nxe5 23. Nxa7 Nc4 24. Nb5 Nxb2 25. Nd6 Bd5 26. Nc8 Nc4
27. Ne7+ Kf8 28. Nxd5 b5 29. Kf1 Nxa3 30. Ke2 Ke8 31. Kd3 Kd7 32. Kc3 Kc6 33.
Nb4+ Kb6 34. Nd5+ Kc5 35. Ne7 Nc4 36. Nf5 g6 37. Nh6 b4+ 38. Kc2 f5 39. Nf7 Nd6
40. Ng5 h6 41. Ne6+ Kc4 42. Nf4 g5 43. Ne2 b3+ 44. Kb2 Kb4 45. Nd4 Nc4+ 46. Kc1
Kc3 47. Nb5+ Kd3 48. Nd4 b2+ 49. Kb1 f4 50. h4 fxe3 51. fxe3 Kxe3 52. Nc2+ Kd3
53. hxg5 hxg5 54. Ne1+ Kc3 55. Ka2 Nd2 56. Nd3 b1=Q+ 57. Ka3 Qb3# 0-1

[Event "Titled Tue 27th May Late"]
[Site "chess.com INT"]
[Date "2025.05.27"]
[Round "1"]
[White "Sobek, Jaroslav"]
[Black "Ertan, Can"]
[Result "0-1"]
[WhiteTitle "FM"]
[BlackTitle "IM"]
[WhiteElo "2195"]
[BlackElo "2369"]
[WhiteFideId "301388"]
[BlackFideId "6306330"]
[EventDate "2025.05.27"]

1. d4 Nf6 2. c4 e6 3. Bf4 b6 4. a3 Bb7 5. Nc3 d5 6. cxd5 Nxd5 7. Nxd5 exd5 8. e3
Bd6 9. Ne2 O-O 10. g3 c5 11. Bg2 Na6 12. O-O c4 13. Bxd6 Qxd6 14. Nc3 Rfe8 15.
Qg4 Nc7 16. a4 a6 17. Rad1 b5 18. axb5 axb5 19. e4 b4 20. Nxd5 Nxd5 21. exd5
Bxd5 22. Bxd5 Qxd5 23. h4 h5 24. Qf4 Ra2 25. Rd2 Kh7 26. Rc1 Re4 27. Qf3 Re1+ 0-1

[Event "Titled Tue 27th May Late"]
[Site "chess.com INT"]
[Date "2025.05.27"]
[Round "1"]
[White "Le, Quang Liem"]
[Black "Horak, Martin"]
[Result "1-0"]
[WhiteTitle "GM"]
[BlackTitle "FM"]
[WhiteElo "2729"]
[BlackElo "2324"]
[WhiteFideId "12401137"]
[BlackFideId "367095"]
[EventDate "2025.05.27"]

1. Nf3 d5 2. e3 Nf6 3. c4 e6 4. Nc3 c5 5. d4 dxc4 6. Bxc4 a6 7. e4 b5 8. Be2
cxd4 9. Nxd4 Bb7 10. f3 Bc5 11. Nb3 Qxd1+ 12. Nxd1 Bb4+ 13. Kf2 O-O 14. Be3 Rc8
15. a3 Be7 16. Na5 Bc6 17. Nc3 Be8 18. e5 Nfd7 19. f4 Bc5 20. Bf3 Ra7 21. Rhd1
f6 22. exf6 gxf6 23. Ne4 Bxe3+ 24. Kxe3 Rc2 25. Rac1 Rac7 26. Rxc2 Rxc2 27. Rd2
Rxd2 28. Nxd2 Nb6 29. Kd4 N8d7 30. Nc6 Kf8 31. Be4 Bg6 32. g4 Bxe4 33. Nxe4 Nd5
34. f5 Nf4 35. b4 e5+ 36. Ke3 Kf7 37. Nc5 1-0

[Event "Titled Tue 27th May Late"]
[Site "chess.com INT"]
[Date "2025.05.27"]
[Round "1"]
[White "Danzer, George"]
[Black "Raptis, Nick"]
[Result "0-1"]
[WhiteTitle "CM"]
[BlackTitle "FM"]
[WhiteElo "2172"]
[BlackElo "2220"]
[WhiteFideId "4659465"]
[BlackFideId "2016850"]
[EventDate "2025.05.27"]

1. e4 e6 2. d4 d5 3. Nc3 Nf6 4. e5 Nfd7 5. Nce2 c5 6. c3 Nc6 7. Nf3 Qb6 8. a3 f6
9. Nf4 cxd4 10. cxd4 fxe5 11. Nxe6 e4 12. Nfg5 Nf6 13. Be2 Bxe6 14. Nxe6 Kf7 15.
Ng5+ Kg8 16. Be3 h6 17. Ne6 Kf7 18. Nf4 Bd6 19. O-O Rhf8 20. Bh5+ Kg8 21. Ng6
Rf7 22. b4 Ne7 23. Qb3 Nxg6 24. Bxg6 Rd7 25. Bf5 Re7 26. Rac1 Kh8 27. g3 Rf8 28.
Bh3 Qd8 29. Rc2 Qe8 30. Rfc1 Qh5 31. Bg2 Ng4 32. h3 Nf6 33. Rc8 Ree8 34. Rxe8
Rxe8 35. Qa4 a6 36. Qa5 Qf7 37. Qb6 Qd7 38. a4 Rc8 39. Rxc8+ Qxc8 40. Kh2 Qc7
41. Qxc7 Bxc7 42. Bf1 Bd6 0-1

[Event "Titled Tue 27th May Late"]
[Site "chess.com INT"]
[Date "2025.05.27"]
[Round "1"]
[White "Hua, Eugene"]
[Black "Makarian, Rudik"]
[Result "0-1"]
[WhiteTitle "FM"]
[BlackTitle "IM"]
[WhiteElo "2240"]
[BlackElo "2532"]
[WhiteFideId "2618150"]
[BlackFideId "44105681"]
[EventDate "2025.05.27"]

1. c4 Nf6 2. g3 e6 3. Bg2 d5 4. Nf3 Be7 5. O-O O-O 6. b3 c6 7. Bb2 b5 8. d3 a5
9. Nbd2 Qb6 10. e4 Bb7 11. Qc2 h6 12. Nd4 b4 13. exd5 cxd5 14. Nb5 Nc6 15. Nf3
Rad8 16. Rad1 Rfe8 17. h3 Nd7 18. Kh2 Bf8 19. Nh4 Na7 20. Bd4 Bc5 21. Bxc5 Nxc5
22. d4 Nxb5 23. cxb5 Ne4 24. Bxe4 dxe4 25. Qc5 Rd6 26. Ng2 Rc8 27. Rde1 Rxc5 28.
dxc5 Qxc5 29. Ne3 Qxb5 30. Nc4 Rd3 31. Rc1 e3 32. fxe3 Qd5 33. Rf2 Rd1 34. e4
Qd4 35. Rcc2 Qxe4 0-1

[Event "Titled Tue 27th May Late"]
[Site "chess.com INT"]
[Date "2025.05.27"]
[Round "1"]
[White "Hamitevici, Vladimir"]
[Black "Efimov, Leonid"]
[Result "1-0"]
[WhiteTitle "GM"]
[BlackTitle "FM"]
[WhiteElo "2423"]
[BlackElo "2260"]
[WhiteFideId "13902393"]
[BlackFideId "54165725"]
[EventDate "2025.05.27"]

1. Nf3 d5 2. g3 c6 3. c4 e6 4. Qc2 Nf6 5. Bg2 Nbd7 6. O-O Be7 7. b3 O-O 8. Bb2
a5 9. d3 b5 10. Nd4 Qb6 11. cxb5 cxb5 12. Qc6 Qxc6 13. Nxc6 Bd6 14. Nc3 Ba6 15.
Nxa5 b4 16. Na4 Bxd3 17. Nb7 Be7 18. exd3 Rfb8 19. Rfc1 Rxb7 20. Rc6 Kf8 21.
Rac1 Ke8 22. Rc8+ Rxc8 23. Rxc8+ Bd8 24. Bd4 Ke7 25. h3 Ne8 26. Ra8 f6 27. f4 g6
28. g4 Nd6 29. Nc5 Nxc5 30. Bxc5 Bb6 31. d4 Kd7 32. Kf1 Bxc5 33. dxc5 Nc8 34.
c6+ Kxc6 35. Rxc8+ Rc7 36. Rxc7+ Kxc7 37. f5 Kc8 38. fxe6 1-0

[Event "Titled Tue 27th May Late"]
[Site "chess.com INT"]
[Date "2025.05.27"]
[Round "1"]
[White "Ghimoyan, Narek"]
[Black "Eames, Robert S"]
[Result "0-1"]
[WhiteTitle "CM"]
[BlackTitle "FM"]
[WhiteElo "2273"]
[BlackElo "2136"]
[WhiteFideId "13315412"]
[BlackFideId "408743"]
[EventDate "2025.05.27"]

1. d4 d5 2. c4 e6 3. Nf3 Nf6 4. g3 dxc4 5. Bg2 c6 6. O-O b5 7. a4 Bb7 8. Ne5 Nd5
9. e4 Nf6 10. Re1 Be7 11. Bg5 Nbd7 12. f4 O-O 13. Nc3 a6 14. Nxd7 Qxd7 15. e5
Nd5 16. Ne4 f6 17. exf6 gxf6 18. Bh6 Rf7 19. Nc5 Bxc5 20. dxc5 Re8 21. Qg4+ Kh8
22. Rad1 Bc8 23. axb5 cxb5 24. Qh5 Rg8 25. c6 Qa7+ 26. Kh1 Rc7 27. f5 Nb4 28.
fxe6 Nd3 29. e7 Nf2+ 30. Kg1 Nh3+ 31. Kh1 Qg1+ 32. Rxg1 Nf2# 0-1

[Event "Titled Tue 27th May Late"]
[Site "chess.com INT"]
[Date "2025.05.27"]
[Round "1"]
[White "Petrus, Adrian"]
[Black "Srinath, Rao S.V."]
[Result "0-1"]
[WhiteTitle "CM"]
[BlackTitle "IM"]
[WhiteElo "2203"]
[BlackElo "2299"]
[WhiteFideId "14573652"]
[BlackFideId "5028876"]
[EventDate "2025.05.27"]

1. e4 e6 2. d4 d5 3. exd5 exd5 4. Nf3 Nc6 5. h3 Bd6 6. Bd3 Nge7 7. c3 Bf5 8. O-O
Qd7 9. Bxf5 Qxf5 10. Re1 O-O-O 11. Nbd2 g5 12. Nf1 f6 13. Ne3 Qg6 14. Qc2 f5 15.
Bd2 h5 16. Nf1 g4 17. Ng5 gxh3 18. gxh3 Rhg8 19. f4 Qf6 20. Kh1 Ng6 21. Ng3 Nxf4
22. h4 Rdf8 23. Rf1 Ne6 24. Nxf5 Nxg5 25. Bxg5 Qe6 26. Rae1 Qd7 27. Qd3 Re8 28.
Rxe8+ Rxe8 29. a4 a6 30. Nh6 Re4 31. Nf5 Kb8 32. Qf3 Qe6 33. Nxd6 cxd6 34. Kg2
Rg4+ 35. Kh2 Re4 36. b4 Ka7 37. b5 Ne7 38. bxa6 Kxa6 39. Qd3+ Ka7 40. Qf3 Ng6
41. Qh3 Re2+ 42. Kg3 Qe4 43. Qf5 Qg2# 0-1

[Event "Titled Tue 27th May Late"]
[Site "chess.com INT"]
[Date "2025.05.27"]
[Round "1"]
[White "Pham, Le Thao Nguyen"]
[Black "Maglioni, Leonardo"]
[Result "1-0"]
[WhiteTitle "IM"]
[WhiteElo "2388"]
[BlackElo "2069"]
[WhiteFideId "12401226"]
[BlackFideId "2896830"]
[EventDate "2025.05.27"]

1. d4 Nf6 2. c4 g6 3. Nc3 Bg7 4. Bg5 d6 5. e3 O-O 6. Nf3 c5 7. Be2 Nc6 8. O-O
Bf5 9. d5 Na5 10. Nd2 a6 11. a4 Qb6 12. e4 Bc8 13. Qc2 Re8 14. f4 Ng4 15. Bxg4
Bxg4 16. f5 Bxc3 17. bxc3 f6 18. Bh6 Be2 19. Rfb1 Qc7 20. e5 Bxc4 21. fxg6 dxe5
22. gxh7+ Kh8 23. Qg6 Rg8 24. hxg8=Q+ Rxg8 25. Qf7 Bd3 26. Re1 Bg6 27. Qe6 c4
28. Qh3 1-0

[Event "Titled Tue 27th May Late"]
[Site "chess.com INT"]
[Date "2025.05.27"]
[Round "1"]
[White "De Boer, Eelke"]
[Black "Erece, Ece Alkim"]
[Result "0-1"]
[WhiteTitle "IM"]
[BlackTitle "WCM"]
[WhiteElo "2408"]
[BlackElo "1843"]
[WhiteFideId "1048120"]
[BlackFideId "6346006"]
[EventDate "2025.05.27"]

1. d4 Nf6 2. c4 c5 3. d5 b5 4. cxb5 a6 5. bxa6 Bxa6 6. Nc3 d6 7. e4 Bxf1 8. Kxf1
g6 9. g3 Qc8 10. Kg2 Bg7 11. Nf3 O-O 12. a4 Na6 13. Re1 Nb4 14. Ra3 Qb7 15. Re3
Ng4 16. Re1 Ne5 17. Nxe5 Bxe5 18. Nb5 Rfb8 19. f4 Bg7 20. Rf3 c4 21. b3 Nd3 22.
Rxd3 cxd3 23. Qxd3 Rc8 24. Ba3 Qb6 25. Re2 h5 26. h4 Rab8 27. Kh2 Qd8 28. e5
dxe5 29. fxe5 Qd7 30. d6 exd6 31. exd6 Qg4 32. d7 Rd8 33. Rd2 Rb7 34. Qe2 Rbxd7
35. Rc2 Qxe2+ 36. Rxe2 Rd2 37. Rxd2 Rxd2+ 38. Kh3 Rd3 39. Bd6 Rxb3 40. Nc7 Rd3
41. Ne8 Bf8 42. Nf6+ Kh8 0-1

[Event "Titled Tue 27th May Late"]
[Site "chess.com INT"]
[Date "2025.05.27"]
[Round "1"]
[White "Jagirapu, Harshin Reddy"]
[Black "Norowitz, Yaacov"]
[Result "0-1"]
[BlackTitle "IM"]
[WhiteElo "2042"]
[BlackElo "2400"]
[WhiteFideId "39910679"]
[BlackFideId "2024799"]
[EventDate "2025.05.27"]

1. d4 Nf6 2. c4 e5 3. dxe5 Ne4 4. Nf3 Nc6 5. Nc3 Bb4 6. Qc2 d5 7. exd6 Bf5 8.
dxc7 Qxc7 9. Qb3 Qa5 10. Bd2 Nxd2 11. Kxd2 O-O-O+ 12. Ke1 g5 13. e3 g4 14. Nh4
Bd3 15. Rc1 Rhe8 16. a3 Bxf1 17. axb4 Qg5 18. Kxf1 Qxh4 19. Nd5 Ne5 20. b5 Kb8
21. h3 g3 22. f3 Rg8 23. e4 Qf4 24. Ra1 Nxf3 25. Qe3 Nd2+ 26. Ke2 Qxe3+ 27. Nxe3
Nxe4 28. Rhd1 Rge8 29. Rxd8+ Rxd8 30. Rd1 Re8 31. Kf3 Kc7 32. Nd5+ Kb8 33. Rd4
f5 34. Nc3 Ng5+ 35. Kxg3 h6 36. Rd5 Rf8 37. Kf4 Ne6+ 38. Ke5 Ng5 39. Kf4 Ne6+
40. Kf3 Kc7 41. Ne2 Kb6 42. Nd4 Ng5+ 43. Kf4 Re8 44. Nxf5 Re4+ 45. Kg3 Rxc4 46.
Rd6+ Kxb5 47. Nxh6 Ne4+ 0-1

[Event "Titled Tue 27th May Late"]
[Site "chess.com INT"]
[Date "2025.05.27"]
[Round "1"]
[White "Moreira, Ronaldo Alonso"]
[Black "Nowak, Mikolaj"]
[Result "1-0"]
[WhiteElo "2097"]
[BlackElo "2316"]
[WhiteFideId "2110547"]
[BlackFideId "1191365"]
[EventDate "2025.05.27"]

1. d4 f6 2. e4 Kf7 3. f4 g6 4. Nf3 Bg7 5. Bc4+ e6 6. f5 Ne7 7. fxe6+ dxe6 8. O-O
Ke8 9. Bf4 Nbc6 10. Nc3 Nxd4 11. Qxd4 Qxd4+ 12. Nxd4 e5 13. Ndb5 Kd7 14. Rad1+
Kc6 15. Be3 b6 16. Nd5 Nxd5 17. Bxd5+ Kxb5 18. Bxa8 Bg4 19. Rd5+ c5 20. h3 Be2
21. Re1 Bc4 22. Rd7 Rxa8 23. Rxg7 Bxa2 24. Rxh7 a5 25. Rg7 g5 26. Rg6 a4 27.
Rxf6 a3 28. bxa3 Rxa3 29. Bxg5 Rc3 30. Rf2 Kc6 31. Re3 Rc4 32. h4 Bb1 33. h5
Bxc2 34. Rxc2 Rxc2 35. h6 Ra2 36. h7 Ra8 37. Bf6 c4 38. h8=Q 1-0

[Event "Titled Tue 27th May Late"]
[Site "chess.com INT"]
[Date "2025.05.27"]
[Round "1"]
[White "Azamikia, Mehran"]
[Black "Lazavik, Denis"]
[Result "0-1"]
[WhiteTitle "CM"]
[BlackTitle "GM"]
[WhiteElo "2130"]
[BlackElo "2577"]
[WhiteFideId "12502502"]
[BlackFideId "13515110"]
[EventDate "2025.05.27"]

1. d4 Nf6 2. Nf3 b6 3. g3 Bb7 4. Bg2 g6 5. O-O Bg7 6. c4 O-O 7. Nbd2 Na6 8. a3
e6 9. b4 c5 10. b5 Nc7 11. dxc5 bxc5 12. Bb2 Qe7 13. a4 d5 14. e3 Rad8 15. Qc2
dxc4 16. Nxc4 Ncd5 17. Na5 Nb4 18. Qc4 Bd5 19. Qh4 Nd3 20. Bc3 c4 21. Ne5 Bxg2
22. Kxg2 Nd5 23. Qxe7 Nxe7 24. Ra3 Nxe5 25. Bb4 Rfe8 26. Bxe7 Rxe7 27. f4 Rdd7
28. fxe5 Rd5 29. Nxc4 Rc7 30. Rf4 Rdc5 31. Na5 Bxe5 32. Rb4 Rc2+ 33. Kf3 Bd6 34.
Rab3 Bxb4 35. Rxb4 Rxh2 36. Nc6 Rc2 37. Ke4 Kg7 38. Kd3 R2xc6 39. bxc6 Rxc6 40.
Rb7 Ra6 41. Rb4 h5 42. Kc4 g5 43. Kc5 Kg6 44. Rc4 Ra5+ 45. Kb4 Re5 46. a5 Rxe3
47. Rc7 h4 48. gxh4 gxh4 49. Rc3 Rxc3 0-1

[Event "Titled Tue 27th May Late"]
[Site "chess.com INT"]
[Date "2025.05.27"]
[Round "1"]
[White "Pereyra, Horacio"]
[Black "Lisenkov, Svyatoslav"]
[Result "1-0"]
[BlackTitle "CM"]
[WhiteElo "2133"]
[BlackElo "2241"]
[WhiteFideId "113700"]
[BlackFideId "34264183"]
[EventDate "2025.05.27"]

1. d4 Nf6 2. Nc3 d5 3. Bg5 Nbd7 4. f3 h6 5. Bh4 e6 6. e4 dxe4 7. fxe4 g5 8. Bg3
Bb4 9. Bd3 c5 10. Ne2 cxd4 11. Nxd4 a6 12. e5 Nd5 13. Nxe6 fxe6 14. Qh5+ Ke7 15.
O-O Qb6+ 16. Kh1 Bxc3 17. bxc3 Nxc3 18. Rf7+ Kd8 19. Bc4 Kc7 20. Qf3 Qb2 21. Rf1
Re8 22. Qd3 Kb8 23. Qd6+ Ka7 24. Rxd7 Bxd7 25. Bf2+ b6 26. Qc7# 1-0

[Event "Titled Tue 27th May Late"]
[Site "chess.com INT"]
[Date "2025.05.27"]
[Round "1"]
[White "Mendes Aaron Reeve"]
[Black "Calvo Gonzalez, Jose Felix"]
[Result "1-0"]
[WhiteTitle "IM"]
[BlackTitle "CM"]
[WhiteElo "2335"]
[BlackElo "2168"]
[WhiteFideId "25954938"]
[BlackFideId "54505615"]
[EventDate "2025.05.27"]

1. Nf3 Nf6 2. b3 g6 3. Bb2 Bg7 4. e4 d6 5. d3 c5 6. Be2 Nc6 7. Nbd2 e5 8. O-O
O-O 9. Nc4 b5 10. Ne3 Be6 11. c3 d5 12. exd5 Nxd5 13. Nxd5 Bxd5 14. c4 bxc4 15.
bxc4 Be6 16. Nd2 Nd4 17. Bf3 Rb8 18. Bxd4 Qxd4 19. Nb3 Qd6 20. Rb1 Rfd8 21. Qc2
Qxd3 22. Qxd3 Rxd3 23. Nxc5 Rxb1 24. Rxb1 Rc3 25. Nxe6 fxe6 26. h3 Rxc4 27. Rb8+
Bf8 28. Rb7 a6 29. Rb6 e4 30. Be2 Rc1+ 31. Kh2 Bc5 32. Rxe6 Bxf2 33. Rxe4 Rc3
34. g4 Bg3+ 35. Kg2 Bd6 36. Re6 Bf4 37. Rxa6 Rg3+ 38. Kf2 Rxh3 39. Bf3 h5 40.
Rxg6+ Kf7 41. gxh5 Rh2+ 42. Kf1 Rxa2 43. Bd5+ Kf8 44. Bxa2 1-0

[Event "Titled Tue 27th May Late"]
[Site "chess.com INT"]
[Date "2025.05.27"]
[Round "1"]
[White "Grot, Blazej"]
[Black "Khodabandeh, Milad"]
[Result "1-0"]
[WhiteTitle "CM"]
[BlackTitle "CM"]
[WhiteElo "2217"]
[BlackElo "1957"]
[WhiteFideId "21835845"]
[BlackFideId "12538620"]
[EventDate "2025.05.27"]

1. d4 d5 2. c4 c6 3. Nf3 Nf6 4. Nc3 dxc4 5. e4 b5 6. a4 b4 7. Na2 Nxe4 8. Bxc4
e6 9. O-O Be7 10. Re1 Nf6 11. Bg5 a5 12. Nc1 Ba6 13. Bxa6 Nxa6 14. Nb3 c5 15.
Rc1 cxd4 16. Nfxd4 O-O 17. Nc6 Qe8 18. Nbxa5 Nd5 19. Nxe7+ Nxe7 20. Qg4 Ng6 21.
b3 Nc7 22. Rxc7 Rxa5 23. h4 Rd5 24. h5 Ne5 25. Qg3 Nd7 26. Bh6 g6 27. Bxf8 Nxf8
28. hxg6 Nxg6 29. Rec1 Kg7 30. R7c4 Qd8 31. Qg4 Rd3 32. Rxb4 Qd5 33. Rb5 Qd6 34.
a5 Rd4 35. Qe2 1-0

[Event "Titled Tue 27th May Late"]
[Site "chess.com INT"]
[Date "2025.05.27"]
[Round "1"]
[White "Weidenhoefer, Max"]
[Black "Velikanov, Alexander"]
[Result "0-1"]
[WhiteTitle "CM"]
[BlackTitle "IM"]
[WhiteElo "2171"]
[BlackElo "2372"]
[WhiteFideId "16230566"]
[BlackFideId "2039290"]
[EventDate "2025.05.27"]

1. Nf3 Nf6 2. g3 g6 3. Bg2 Bg7 4. O-O O-O 5. c4 d6 6. Nc3 Nbd7 7. d4 e5 8. dxe5
dxe5 9. Bg5 h6 10. Bxf6 Qxf6 11. e3 Nc5 12. Qe2 c6 13. Rfd1 a5 14. Rd2 h5 15.
Rad1 e4 16. Nd4 Bg4 17. f3 exf3 18. Bxf3 Qg5 19. Bxg4 hxg4 20. Qf2 f5 21. b3
Rae8 22. Qf4 Qe7 23. Re2 Kh7 24. Qf2 Bh6 25. Nc2 Qe5 26. Nb1 Ne4 27. Qg2 Ng5 28.
Nd2 Rd8 29. Rf1 Rd3 30. Rfe1 Rfd8 31. e4 Rxd2 32. Rxd2 Rxd2 33. Re2 Nf3+ 34. Kf2
Qc5+ 35. Ne3 Qxe3+ 0-1